Science Quiz

Random Science Quiz

Name the bones Quiz Stats

Quiz not verified by Sporcle

Also try: 'F' in Science
Challenge
Share
Tweet
Embed
Score 0/15 Timer 10:00
0 Plays Today
Hint Answer % Correct
WHAT IS YOUR HEAD BONE CALLED?Cranium
88.9%
WHAT IS YOUR JAW CALLED?Mandible
88.9%
NAME THE SHOULDER BONE?Scapula
88.9%
NAME THE COLLAR BONE?Clavicle
88.9%
NAME THE TWO LOWER ARM BONESRadius and Ulna
77.8%
WHAT ARE YOUR TOE BONES?Phalanges
77.8%
NAME YOUR UPPER LEG BONEFemur
77.8%
TAIL END OF THE VERTEBRAE? Coccyx
77.8%
Hint Answer % Correct
NAME YOUR KNEE BONE?Patella
77.8%
WHAT IS YOUR UPPER ARM BONE?Humerus
66.7%
NAME THE TWO LOWER LEG BONESTibia and Fibula
66.7%
NAME THE UPPER BACK BONECervical Vertebrae
66.7%
THE FLAT BONE ON THE END OF THE VERTEBRAE? Sacrum
66.7%
THE LOWER BACK BONE?Lumbar Vertebrae
55.6%
BACK BONE BEHIND THE RIBS?Thoracic Vertebrae
44.4%

You're not logged in!

Compare scores with friends on all Sporcle quizzes.
Sign Up with Email
OR
Log In

You Might Also Like...

Show Comments

Extras

Top Quizzes Today


Score Distribution

Your Account Isn't Verified!

In order to create a playlist on Sporcle, you need to verify the email address you used during registration. Go to your Sporcle Settings to finish the process.